THE HISTORY OF THE PEARL FISHERY OF THE TAMIL COAST/ (Record no. 180240)

MARC details
000 -LEADER
fixed length control field 00590nam a22001817a 4500
005 - DATE AND TIME OF LATEST TRANSACTION
control field 20210802144434.0
010 ## - LCCN (DPL NO)
LC control number ENG-129658
020 ## - INTERNATIONAL STANDARD BOOK NUMBER
International Standard Book Number 978-81-7735-656-4
Terms of availability 100.00
035 ## - SYSTEM CONTROL NUMBER
System control number EN-113190
037 ## - SOURCE OF ACQUISITION
Source of stock number/acquisition DBAD/PUB
082 ## - DEWEY DECIMAL CLASSIFICATION NUMBER
Classification number 639.41209582
Item number 1
100 ## - MAIN ENTRY--PERSONAL NAME
Personal name ARUNACHALAM,S
245 ## - TITLE STATEMENT
Title THE HISTORY OF THE PEARL FISHERY OF THE TAMIL COAST/
Statement of responsibility, etc S.ARUNACHALAM
260 ## - PUBLICATION, DISTRIBUTION, ETC. (IMPRINT)
Place of publication, distribution, etc CHENNAI
Name of publisher, distributor, etc PAVAI
Date of publication, distribution, etc 1952
270 ## - ADDRESS
Address 142,JANI JAN KHAN ROAD,ROYAPETTAH
City CHENNAI
Postal code 600014
Telephone number 01128482441
Electronic mail address PAVAI123@YAHOO.COM
300 ## - PHYSICAL DESCRIPTION
Extent 177 p.
Other physical details 22Cm(pbk)
942 ## - ADDED ENTRY ELEMENTS (KOHA)
Source of classification or shelving scheme Dewey Decimal Classification
Item type English Books
Edition 1
Classification part 639.41209582
Call number prefix ARU
Holdings
Withdrawn status Lost status Not for loan Collection code Home library Current library Date acquired Source of acquisition Cost, normal purchase price Full call number Barcode Copy number Cost, replacement price Koha item type
      Non-fiction Shahdara Branch Shahdara Branch 02/08/2021 DBAD/PUB 100.00 639.41209582 EN-113190 1 100.00 English Books

© Delhi Public Library
Hit Counter
free hit counter